Normal view
MARC view
Entry Personal Name
001 - CONTROL NUMBER
- control field: 5317
003 - CONTROL NUMBER IDENTIFIER
- control field: HDC
005 - DATE AND TIME OF LATEST TRANSACTION
- control field: 20230624073213.0
008 - FIXED-LENGTH DATA ELEMENTS
- fixed length control field: 210119|| aca||aabn | a|a d
040 ## - CATALOGING SOURCE
- Original cataloging agency: HDC
- Transcribing agency: HDC
100 ## - HEADING--PERSONAL NAME
- Personal name: Norlaila Abu Bakar
670 ## - SOURCE DATA FOUND
- Source citation: Work cat.: (HDC): Norlaila Abu Bakar author, KEUPAYAAN MENGEKSPORT PRODUK MAKANAN HALAL DI KALANGAN PENGUSAHA PKS DI MALAYSIA / Oleh, [no year]
